| 000 -ლიდერი |
| ფიქსირებული სიგრძის საკონტროლო ველი |
01238nam a2200229Ia 4500 |
| 001 - საკონტროლო ნომერი |
| საკონტროლო ველი |
6931 |
| 003 - საკონტროლო ნომრის იდენტიფიკატორი |
| საკონტროლო ველი |
GE_BSU |
| 005 - ბოლო ოპერაციის თარიღი და დრო |
| საკონტროლო ველი |
20200211143206.0 |
| 008 - ფიქსირებული სიგრძის მონაცემთა ელემენტები - ზოგადი ინფორმაცია |
| ფიქსირებული სიგრძის საკონტროლო ველი |
181216s1955||||ge |||||||||||||| ||geo|| |
| 040 ## - კატალოგიზაციის წყარო |
| Transcribing agency |
GE_BSU |
| 041 ## - ენის კოდი |
| Language code of text/sound track or separate title |
geo |
| 080 ## - უნივერსალური ათობითი კლასიფიკაციის ინდექსი |
| Universal Decimal Classification number |
821.353.1-11 გ-97 |
| 100 ## - მთავარი ჩანაწერი - პიროვნების სახელი |
| Personal name |
გურამიშვილი, დავით. |
| 9 (RLIN) |
6973 |
| 245 ## - ცნობა სათაურის შესახებ |
| Title |
დავითიანი : |
| Remainder of title |
თხზულებათა სრული კრებული / |
| Statement of responsibility, etc |
დავით გურამიშვილი ; სარედ. კოლეგია : ი. აბაშიძე, ალ. ბარამიძე ; პ/მგ. რედ. ნ. ბერძენიშვილი და სხვა. ; მხატვ. დ. და ვ. ქუთათელაძეები. |
| 264 ## - წარმოების, გამოცემის, დისტრიბუციის და სხვა ცნობები |
| გამოცემის, წარმოების, დისტრიბუციის... ადგილი |
თბილისი : |
| გამოცემის, წარმოების, დისტრიბუციის... სახელწოდება |
სახელგამი, |
| გამოცემის, წარმოების, დისტრიბუციის... თარიღი |
1955. |
| 300 ## - ფიზიკური აღწერა |
| Extent |
386 გვ. : |
| Other physical details |
ილ. ; |
| Dimensions |
27 სმ. |
| 504 ## - BIBLIOGRAPHY, ETC. NOTE |
| Bibliography, etc |
ბიბლიოგრ. გვ. 306-311 |
| 653 ## - INDEX TERM--UNCONTROLLED |
| Uncontrolled term |
დავითიანი |
| 653 ## - INDEX TERM--UNCONTROLLED |
| Uncontrolled term |
თხზულებანი |
| 700 ## - ADDED ENTRY--PERSONAL NAME |
| Personal name |
ბერძენიშვილი, ნ. |
| Relator term |
რედაქტორი |
| 9 (RLIN) |
6975 |
| 942 ## - ADDED ENTRY ELEMENTS (KOHA) |
| Koha item type |
წიგნი |
| Source of classification or shelving scheme |
|